000 01765nam0a22002891 4500
001 rc\3002742
005 20250806200717.0
035 _a(NLR Aleph) 007145760
090 _a63276
_c63276
100 _a20110921d1942 u y0rusy50 ca
101 0 _arus
102 _aRU
105 _ay z |||||
200 1 _aНота народного комиссара иностранных дел тов. В.М. Молотова. О чудовищных злодеяниях, зверствах и насилиях немецко-фашистских захватчиков в оккупированных советских районах и об ответственности германского правительства и командования за эти преступления
210 _a[Йошкар-Ола]
_cМарийск. гос. изд-во
_d1942
215 _a39 с.
_d16 см
517 0 0 _aО чудовищных злодеяниях, зверствах и насилиях немецко-фашистских захватчиков в оккупированных советских районах и об ответственности германского правительства и командования за эти преступления
702 1 _aМолотов
_bВ. М.
_f1890-1986
_gВячеслав Михайлович
_3RU\NLR\AUTH\77127154
_4570
710 0 1 _aСССР
_bНародный комиссариат по иностранным делам
_3RU\NLR\AUTH\8810033904
801 0 _aRU
_bNLR
_gpsbo
801 1 _aRU
_bELAR
_2rusmarc
852 _aNLR
_jИр50 Г-2/178
942 _cBOOK
945 _aРоссийская национальная библиотека
980 _aNB
980 _aBV